|
|
|
|
| LEADER |
00000nam0a2200000 4500 |
| 001 |
28594 |
| 005 |
20231030202908.0 |
| 035 |
|
|
|a (RuTPU)RU\TPU\book\28851
|
| 035 |
|
|
|a BOOK00028926
|
| 090 |
|
|
|a 28594
|
| 100 |
|
|
|a 20011209d1993 k y0engy50 ba
|
| 101 |
0 |
|
|a eng
|
| 102 |
|
|
|a RU
|
| 105 |
|
|
|a 100|y
|
| 200 |
1 |
|
|a Geology and Tectonics of Gorny Altai
|e Guide-book for post-symposium excursion The 4-th International Symposium of the IGCP Project 283 @Geodinamic Evolution of the Paleoasian Ocean
|f United Institute of Geology, Geophysics and Mineralogy
|
| 210 |
|
|
|a Novosibirsk
|c [Б. и.]
|d 1993
|
| 215 |
|
|
|a 122 p.
|
| 610 |
1 |
|
|a геология
|
| 610 |
1 |
|
|a тектоника
|
| 610 |
1 |
|
|a Западная Сибирь
|
| 610 |
1 |
|
|a Алтай
|
| 610 |
1 |
|
|a конференции
|
| 610 |
1 |
|
|a Новосибирск
|
| 675 |
|
|
|a 55(571.15)(063)
|v 3
|
| 675 |
|
|
|a 551.24:551.7(063)
|v 3
|
| 712 |
0 |
2 |
|a United Institute of Geology, Geophysics and Mineralogy
|
| 712 |
1 |
2 |
|a Geodynamic Evolution of the Paleoasian Ocean
|b International Symposium
|e Novosibirsk
|f 1993
|
| 801 |
|
0 |
|a RU
|b 63413507
|c 20011209
|g PSBO
|
| 942 |
|
|
|c BK
|